• 首页
  • 本馆介绍
  • 公告通知
  • 最新文献
  • 馆藏检索
  • 电子资源
  • 读者导购
  • 参考咨询
  • 我的图书馆
  • 登录
  • 详细信息显示
  • 放入我的书架
  • 预约/预借图书
  • 作者相关作品
  • 分类相关作品
  • 丛书相关作品
  • 出版社相关作品

书目信息

  • 表格格式
  • 工作单格式
  • 卡片格式
题名:
自由、市场和国家
    
 
作者: 布坎南 著 ;吴良健 译
分册:  
出版信息: 北京   北京经济学院学院出版社  1988
页数: 287页
开本: 20cm
丛书名: 诺贝尔经济学奖获奖者著作丛书
单 册:
中图分类: F0
科图分类:
主题词: 政治经济学
电子资源:
ISBN: 7-5638-0021-2
000 00893nam0 2200241 45
001 0404230887
005 20040423083607.3
010    @a7-5638-0021-2@dCNY4.35
100    @a20040423d1988 km y0chiy0120 ea
101 0  @achi@ceng
105    @a z 000yy
200 1  @a自由、市场和国家@AZi You、Shi Chang He Guo Jia@e20世纪80年代的政治经济学@E20 Shi Ji 80 Nian Dai De Zheng Zhi Jing Ji Xue@f(美)詹姆斯·M·布坎南著@F(Mei)Zhan Mu Si·M·Bu Kan Nan Zhu@g吴良健等译
210    @a北京@c北京经济学院学院出版社@d1988
215    @a287页@d20cm
225    @a诺贝尔经济学奖获奖者著作丛书
410    @12001 @a诺贝尔经济学奖获奖者著作丛书
517    @a20世纪80年代的政治经济学@A20 Shi Ji 80 Nian Dai De Zheng Zhi Jing Ji Xue
606 0  @a政治经济学
690    @aF0@v3
701  0 @a布坎南@4著
702  0 @a吴良健@AWu Liang Jian@4译
801    @aCN@bTSTCL@c20040423
905    @f2@b258609-610@dF0@e133
    
    自由、市场和国家:20世纪80年代的政治经济学/(美)詹姆斯·M·布坎南著/吴良健等译.-北京:北京经济学院学院出版社,1988
    287页;20cm.-(诺贝尔经济学奖获奖者著作丛书)
    
    
    ISBN 7-5638-0021-2:CNY4.35
    
●
相关链接 在E读中查询图书 在五车中查询图书 在当当中查询图书 在豆瓣中查询图书


正题名:自由、市场和国家     索取号:F0/133         预约/预借

序号 登录号 条形码 馆藏地/架位号 状态 备注
1 0258608   001269255   第一样本阅览室/ [索取号:F0/133] 在馆    
2 0258609   001269219   第一借阅区/ [索取号:F0/133] 在馆    
3 0258610   001269184   密集书库/ [索取号:F0/133] 在馆    
唐山师范学院图书馆 欢迎您!
大连网信软件有限公司© 版权所有